Central Library OPAC University of Rajshahi

The modern theory of molecular structure. / (Record no. 9345)

MARC details
000 -LEADER
fixed length control field 00842cam a2200265I 4500
001 - CONTROL NUMBER
control field 9345
003 - CONTROL NUMBER IDENTIFIER
rucl marc code BD-RjUL
005 - DATE AND TIME OF LATEST TRANSACTION
control field 20211208234749.0
008 - FIXED-LENGTH DATA ELEMENTS--GENERAL INFORMATION
fixed length control field 140120s1962 nyua b 00100 eng d
035 ## - SYSTEM CONTROL NUMBER
System control number (BD-RjUL)9390
040 ## - CATALOGING SOURCE
Original cataloging agency DLC
Transcribing agency WSU
Modifying agency SER
-- m.c.
-- BOS
-- BD-RjUL
Language of cataloging eng
041 1# - LANGUAGE CODE
Language code of text/sound track or separate title engfre
082 00 - DEWEY DECIMAL CLASSIFICATION NUMBER
Author mark and year PUM 1962
Classification number 541.22
100 1# - MAIN ENTRY--PERSONAL NAME
Personal name Pullman, Bernard,
Dates associated with a name 1919-
9 (RLIN) 28968
245 14 - TITLE STATEMENT
Title The modern theory of molecular structure. /
Statement of responsibility, etc. Translated by David Antin.
260 ## - PUBLICATION, DISTRIBUTION, ETC. (IMPRINT)
Place of publication, distribution, etc. New York :
Name of publisher, distributor, etc. Dover Publications,
Date of publication, distribution, etc. 1962.
300 ## - PHYSICAL DESCRIPTION
Pagination vii, 87 p. :
Illustrations illus.
Size 22 cm.
500 ## - GENERAL NOTE
General note Translation of La structure mol�eculaire.
504 ## - BIBLIOGRAPHY, ETC. NOTE
Bibliography, etc Includes bibliography and index.
650 #0 - SUBJECT ADDED ENTRY--TOPICAL TERM
Topical term or geographic name as entry element Molecules.
9 (RLIN) 25784
Topical term or geographic name as entry element Chemistry, Physical and theoretical.
9 (RLIN) 28969
Topical term or geographic name as entry element Atomic theory.
9 (RLIN) 27988
942 ## - ADDED ENTRY ELEMENTS (KOHA)
Source of classification or shelving scheme Dewey Decimal Classification
Koha item type Books
Holdings
Lost status Source of classification or shelving scheme Damaged status Not for loan Collection code Permanent Location Current Location Shelving location Date acquired Source of acquisition Cost, normal purchase price Total Checkouts Full call number Date last seen Copy number Koha item type
  Dewey Decimal Classification   Not For Loan Non-fiction Central Library, University of Rajshahi Central Library, University of Rajshahi Reading Room 10/11/1965 Zeit 9.00   541.22 PUM 1962 20/01/2014 C-1 Books